Die 10 größten Städte - Oregon - Statistiken

Allgemein
  • Dieses Quiz wurde 15 mal gespielt
  • Das Durchschnittsergebnis liegt bei 4 aus 10
Antwortstatistiken
Einwohnerzahl Stadt % Korrekt
641.162 Portland
93%
177.723 Salem
80%
175.096 Eugene
40%
102.059 Bend
33%
98.216 Beaverton
27%
113.103 Gresham
27%
59.864 Corvallis
20%
86.367 Medford
20%
106.633 Hillsboro
13%
62.265 Springfield
13%
Keine übereinstimmenden Quizze gefunden
Verteilung der Resultate
Anzahl Personen mit jedem Resultat
Perzentil nach korrekt beantworteten Fragen
Ihre Resultats-Entwicklung
Sie haben dieses Quiz noch nicht gespielt